header

The art of software testing (Record no. 131728)

MARC details
000 -LEADER
fixed length control field 01457nam a2200361 a 4500
082 04 - DEWEY DECIMAL CLASSIFICATION NUMBER
Classification number 005.1/4
100 1# - MAIN ENTRY--AUTHOR NAME
Personal name Myers, Glenford J.,
245 14 - TITLE STATEMENT
Title The art of software testing
250 ## - EDITION STATEMENT
Edition statement 3rd ed.
260 ## - PUBLICATION, DISTRIBUTION, ETC. (IMPRINT)
Place of publication Hoboken, N.J. :
Name of publisher John Wiley & Sons,
Year of publication 2012.
300 ## - PHYSICAL DESCRIPTION
Number of Pages xi, 240 p. :
Other physical details ill.
500 ## - GENERAL NOTE
General note Includes index.
505 0# - FORMATTED CONTENTS NOTE
Formatted contents note A self-assessment test -- The psychology and economics of software testing -- Program inspections, walkthroughs, and reviews -- Test-case design.
650 #0 - SUBJECT ADDED ENTRY--TOPICAL TERM
Topical Term Computer software
Topical Term Debugging in computer science.
700 1# - ADDED ENTRY--PERSONAL NAME
Personal name Sandler, Corey,
Personal name Badgett, Tom.
856 40 - ELECTRONIC LOCATION AND ACCESS
Uniform Resource Identifier http://site.ebrary.com/lib/rucke/Doc?id=10500924

No items available.

© 2026 Rongo University
Contact us: librarian | system librarian | Rongo university